| 000 | 00000nam##2200000za#4500 |
| 001 | 9.608360 |
| 003 | CaOODSP |
| 005 | 20210624213603 |
| 007 | cr ||||||||||| |
| 008 | 150406|2015||||xxc|||||o f|0| 0 fre|d |
| 022 | |a1919-5117 |
| 040 | |aCaOODSP|bfre |
| 043 | |an-cn--- |
| 086 | 1 |aFs70-6/2015-010F-PDF |
| 110 | 1 |aCanada. |bMinistère des pêches et des océans. |
| 245 | 10|aÉvaluation du stock de sébastes à queue jaune (Sebastes flavidus) pour le littoral de la Colombie-Britannique, au Canada |h[ressource électronique] |
| 260 | |aNanaimo - Colombie Britannique : |bPêches et Océans Canada |cMars 2015. |
| 300 | |a16p.|bgraphiques, ill., carte, références, tableaux |
| 490 | 1 |aSecrétariat canadien de consultation scientifique, avis scientifique |x1919-5117|v2015/010, Région du Pacifique |
| 590 | |a15-12|b2015-03-20 |
| 775 | 08|tYellowtail Rockfish (Sebastes flavidus) stock assessment for the coast of British Columbia, Canada |w(CaOODSP)9.581588 |
| 830 | #0|aAvis scientifique (Secrétariat canadien de consultation scientifique)|x1919-5117|v2015/010, Région du Pacifique|w(CaOODSP)9.502624 |
| 856 | 40|ahttp://publications.gc.ca|qPDF|s650 Ko|uhttps://publications.gc.ca/collections/collection_2015/mpo-dfo/Fs70-6-2015-010-fra.pdf|y2015/010, Région du Pacifique |